Některé právní aspekty logistiky

Podnikanie v oblasti logistiky (prepravy a distribúcie) a dodržiavanie platných právnych predpisov. Zmluvy o poskytovaní logistických služieb. Obchodné podmienky súčasťou obsahu zmluvy uzatvorenej so zákazníkom. Prepravný cenný papier - konosament. Demurage poplatok - demurage fee - za neskorý odber...

Descrizione completa

Salvato in:
Dettagli Bibliografici
Autore principale: Vyroubal, Petr
Natura: Capitolo di libro
Lingua:ceco
Soggetti:
Tags: Aggiungi Tag
Nessun Tag, puoi essere il primo ad aggiungerne!!

MARC

LEADER 00000naa$a2200000$$$4500
001 0034368
005 20231113115158.5
041 0 |a cze 
044 |a CZ 
245 1 0 |a Některé právní aspekty logistiky  |c Petr Vyroubal 
520 |a Podnikanie v oblasti logistiky (prepravy a distribúcie) a dodržiavanie platných právnych predpisov. Zmluvy o poskytovaní logistických služieb. Obchodné podmienky súčasťou obsahu zmluvy uzatvorenej so zákazníkom. Prepravný cenný papier - konosament. Demurage poplatok - demurage fee - za neskorý odber tovaru príjemcom. 
610 2 0 |a služby logistické 
610 2 0 |a distribúcia 
610 2 0 |a preprava 
610 2 0 |a tovar 
610 2 0 |a predpisy právne 
610 2 0 |a legislatíva 
610 2 0 |a zmluvy 
610 2 0 |a Česko 
100 1 |a Vyroubal, Petr